梦的解析》The interpretation of dreams: The Authoritative Translation of the Famous Psychologist Lei Ming (Record no. 591821)

000 -LEADER
fixed length control field 00472nam a22001457a 4500
020 ## - INTERNATIONAL STANDARD BOOK NUMBER
International Standard Book Number 9787539995601
082 ## - DEWEY DECIMAL CLASSIFICATION NUMBER
Classification number 154.63
Author Mark SIG
100 ## - MAIN ENTRY--PERSONAL NAME
Personal name Freud, Sigmund
245 ## - TITLE STATEMENT
Title 梦的解析》The interpretation of dreams: The Authoritative Translation of the Famous Psychologist Lei Ming
Statement of responsibility, etc. Freud, Sigmund
250 ## - EDITION STATEMENT
Edition statement (Chinese edition)
260 ## - PUBLICATION, DISTRIBUTION, ETC.
Place of publication, distribution, etc. Beijing
Name of publisher, distributor, etc. Jiangsu phoenix literature and art publishing
Date of publication, distribution, etc. 2016
300 ## - PHYSICAL DESCRIPTION
Extent 421p
563 ## - BINDING INFORMATION
Binding note HB
942 ## - ADDED ENTRY ELEMENTS (KOHA)
Source of classification or shelving scheme
Koha item type Book
Holdings
Withdrawn status Lost status Source of classification or shelving scheme Materials specified (bound volume or other part) Damaged status Not for loan Permanent Location Current Location Shelving location Date acquired Source of acquisition Total Checkouts Full call number Barcode Date last seen Price effective from Koha item type
      Donated by Chinese embassy in Pakistan     Central Library (CL) Central Library (CL) Chinese Studies 10/14/2022 Donation   154.63 SIG CL-D-1867 10/14/2022 10/14/2022 Book
© 2023 Central Library, National University of Sciences and Technology. All Rights Reserved.